000 00340nam a2200133Ia 4500
005 20260328104320.0
008 260328s9999||||xx |||||||||||||| ||und||
100 _aPortas, Nuno
245 0 _aPortugal :
_b Arquitectura, Los Últimos Veinte Años /
_cNuno Portas
260 _bElecta
300 _a178 p.
650 _aPORTUGAL
942 _cBK
999 _c11306
_d11306